000 00517nam a22001937a 4500
003 OSt
005 20140310182830.0
008 130601t xxu||||| |||| 00| 0 eng d
050 _aGV 494
_b.G488 1974
082 _aM 352.0748
_bG42 1974
245 _aJog for your life
_cGilmore, Haydn
260 _aGrand Rapids, Michigan :
_bZondervan Publishing,
_cc1974.
300 _a151 p.
_bill. ;
_c18 cm.
521 _aCollege Students
526 _c1210L-1700L
541 _j1
562 _e1
942 _2lcc
_cBK
_kM
999 _c16601
_d16601